Direction of Trade Statistics Quarterly, June 2010.

This publication provides data on the country and area distribution of countries exports and imports as reported by themselves or by their partners. The quarterly issues cover data for the most recent six quarters and the latest year for 169 countries, and ten quarters and five years for the world a...

وصف كامل

التفاصيل البيبلوغرافية
مؤلف مشترك: International Monetary Fund. Statistics Dept
التنسيق: دورية
اللغة:English
منشور في: Washington, D.C. : International Monetary Fund, 2010.
سلاسل:Direction of Trade Statistics; Direction of Trade Statistics ; No. 2010/002
الوصول للمادة أونلاين:Full text available on IMF
LEADER 01413cas a2200241 a 4500
001 AALejournalIMF006513
008 230101c9999 xx r poo 0 0eng d
020 |c 50.00 USD 
020 |z 9781455214624 
022 |a 0252-306X 
040 |a BD-DhAAL  |c BD-DhAAL 
110 2 |a International Monetary Fund.  |b Statistics Dept. 
245 1 0 |a Direction of Trade Statistics Quarterly, June 2010. 
264 1 |a Washington, D.C. :  |b International Monetary Fund,  |c 2010. 
300 |a 1 online resource (450 pages) 
490 1 |a Direction of Trade Statistics 
500 |a <strong>Off-Campus Access:</strong> No User ID or Password Required 
500 |a <strong>On-Campus Access:</strong> No User ID or Password Required 
506 |a Electronic access restricted to authorized BRAC University faculty, staff and students 
520 3 |a This publication provides data on the country and area distribution of countries exports and imports as reported by themselves or by their partners. The quarterly issues cover data for the most recent six quarters and the latest year for 169 countries, and ten quarters and five years for the world and area tables. 
538 |a Mode of access: Internet 
830 0 |a Direction of Trade Statistics; Direction of Trade Statistics ;  |v No. 2010/002 
856 4 0 |z Full text available on IMF  |u http://elibrary.imf.org/view/books/042/11019-9781455214624-en/11019-9781455214624-en-book.xml  |z IMF e-Library